000 00666nam a2200217 a 4500
001 000009537
005 20250129172122.0
008 090930s1995 dr 001 p spa d
040 _aDO-SdBNP
_bspa
_cBNPHU
082 _aRD861. 5
_bA227p
100 1 _aAgramonte, Carlos,
_d1954-
_9858
245 1 0 _aPequeña luna /
_cCarlos Agramonte.
260 _aSanto Domingo :
_bUniversitaria,
_c1995.
300 _a98 p. ;
_c21 cm.
490 1 _aArte y sociedad ;
_v38
590 _aInventariado, 2018/VM
650 0 _aPoesía dominicana
_966
650 0 _aLiteratura dominicana.
_967
830 0 _aArte y sociedad ;
_v38
_924375
910 _aValidado. Control de calidad BNPHU.
999 _c9297
_d9297